| 000 | 00618nam a22001937a 4500 | ||
|---|---|---|---|
| 999 |
_c196249 _d196249 |
||
| 005 | 20230607155550.0 | ||
| 010 | _aUR-12033 | ||
| 020 | _c52.00 | ||
| 035 | _aU-10588 | ||
| 037 | _bDBAD/PUB | ||
| 082 | _a841 | ||
| 100 | _aعبد الغفار ندوی | ||
| 245 |
_aانمول موتی / _cعبد الغفار ندوی |
||
| 246 |
_aAnmol Moti / _bby Abdul Ghaffar Nadvi |
||
| 260 |
_aNew Delhi _bMarkazi Maktaba Islami Publishers _c2014 ء |
||
| 270 |
_aD-307, Dawat Nagar, Abul Fazal Enclave, Jamia Nagar _bNew Delhi _e110025 |
||
| 300 |
_a88 ص _c22cm(pbk) |
||
| 942 |
_2ddc _cUR _h841 _mع ب د |
||